Amanecer después de las tempestades : obra y trascendencia del Cardenal José Garibi Rivera, 1889-1972 /
Historiografía del primer cardenal mexicano, el jalisciense José Mariano Garibi Rivera (Guadalajara, México, 1889-1972), arzobispo de su ciudad natal de 1936 a 1969, sucedió a Francisco Orozco y Jiménez (1864-1936) siendo su colaborador de 1913 a 1936. La obra recupera la memoria histórica de Jalisc...
Kaydedildi:
| Yazar: | |
|---|---|
| Diğer Yazarlar: | |
| Materyal Türü: | Kitap |
| Dil: | İspanyolca |
| Baskı/Yayın Bilgisi: |
Guadalajara, México :
Impre-Jal,
2004, c2004
|
| Konular: | |
| Etiketler: |
Etiket eklenmemiş, İlk siz ekleyin!
|
MARC
| LEADER | 00000nam^a2200000^a^4500 | ||
|---|---|---|---|
| 001 | 000318125 | ||
| 005 | 20250521000000.0 | ||
| 009 | 20260310113404.988 | ||
| 020 | |a 968-5557-4602 | ||
| 037 | |a Acervo ITESO - Biblioteca | ||
| 041 | |a ESP | ||
| 082 | |a 282. 723506 |b COV | ||
| 100 | |a Covarrubias Dueñas, José de Jesús |e (autor) | ||
| 245 | 1 | 0 | |a Amanecer después de las tempestades : |b obra y trascendencia del Cardenal José Garibi Rivera, 1889-1972 / |c J.J. Covarrubias Dueñas ; pról. de E. Ruiz Orozco. |
| 264 | 4 | |a Guadalajara, México : |b Impre-Jal, |c 2004, c2004 | |
| 300 | |a 333 p. | ||
| 336 | |a texto |b txt |2 rdacontenido | ||
| 337 | |a sin mediación |b n |2 rdamedio | ||
| 338 | |a volumen |b nc |2 rdasoporte | ||
| 520 | |a Historiografía del primer cardenal mexicano, el jalisciense José Mariano Garibi Rivera (Guadalajara, México, 1889-1972), arzobispo de su ciudad natal de 1936 a 1969, sucedió a Francisco Orozco y Jiménez (1864-1936) siendo su colaborador de 1913 a 1936. La obra recupera la memoria histórica de Jalisco y por ende de México, tiene su fundamento en archivos regionales y a parte de su biografía, contiene los aspectos religiosos, las relaciones Estado e Iglesia católica y un anexo con cronologías y la organización del Arzobispado. | ||
| 649 | |a XX | ||
| 650 | |a Cardenales (Prelados) Jaliscienses | ||
| 650 | |a Cardenales (Prelados) Mexicanos | ||
| 650 | |a Religiosos Jaliscienses | ||
| 650 | |a Religiosos Mexicanos | ||
| 650 | |a Libertad Religiosa - |z México | ||
| 650 | |a Iglesia y Estado - |z México - |x Tema Principal | ||
| 650 | |a Iglesia Católica en Guadalajara, Jalisco - |x Historia - |y 1928-2000 | ||
| 650 | |a Iglesia Católica en México - |x Historia - |y 1928-2000 | ||
| 650 | |a Religión - |z Guadalajara, Jalisco - |x Historia - |y 1928-2000 | ||
| 650 | |a Religión - |z México - |x Historia - |y 1928-2000 | ||
| 650 | |a Guadalajara, Jalisco - |x Historia - |y 1928-2000 | ||
| 650 | |a Guadalajara, Jalisco - |x Historia - |y Siglo XX | ||
| 650 | |a México - |x Historia - |y 1928-2000 | ||
| 650 | |a México - |x Historia - |y Siglo XX | ||
| 650 | |a Garibi Rivera, José - |x Tema Principal | ||
| 700 | |a Ruiz Orozco, Eugenio |e (prólogo) | ||
| 910 | |a Fondo General | ||
| 920 | |a Impresos - Libros | ||
| 930 | |a Colección General | ||
| 905 | |a 101 | ||
| 901 | |a 0500205111 |b IT1 |c ACC |i D56003 |u 20250521 | ||
| 902 | |a https://opac.biblio.iteso.mx/vufind/Record/000318125 | ||